LEADER 01532nam a2200325 a 4500 001 000000173520 003 CaOOAMICUS 005 20200529124633.0 008 200529s2019 it u000 u ita r 020 $a978-88-08-82085-3* 032 $aLibriCat 040 $aPUL$bita 082 04$a348.45 245 00$aFintech: diritti, concorrenza, regole : $ble operazioni di finanziamento tecnologico / $copera diretta da Giusella Finocchiaro e Valeria Falce ; contributi di Chantal Bomprezzi ... [et al.] ; prefazione di Guido Alpa. 260 $aBologna :$bZanichelli,$c©2019. 300 $aXXXV, 556 p. ;$c25 cm 490 1 $aStrumenti del diritto ;$v53 600 14$aAlpa, Guido.$0(OLS)http://pul/subject/46083 700 1 $aFalce, Valeria.$0(OLS)http://pul/name/72941 700 1 $aFinocchiaro, Giusella.$0(OLS)http://pul/name/82761 700 1 $aBomprezzi, Chantal.$0(OLS)http://pul/name/111435 830 0$aStrumenti del diritto ;$v53.$0(OLS)http://pul/title/136502 850 $aPUL 852 $aPUL$W1$xSL Diritto e Scienze Sociali 3$y79$m348 COLL 1.53$j197513$qDDC 21$B202298$CPULBib$Z2$F202298 $H134157 $82 941 1 $a9 996 $6020$a978-88-08-82085-3*$9(OLS)http://pul/number/167521 996 $6082$a348.45$9(OLS)http://pul/classification/373 996 $6245$aFintech: diritti, concorrenza, regole : $ble operazioni di finanziamento tecnologico / $9(OLS)http://pul/title/214699 996 $6260$aBologna :$bZanichelli$9(OLS)http://pul/publisher/48255 LEADER 01500nam a2200337 i 4500 001 000000107119 003 CaOOAMICUS 005 20070920141210.0 008 070920s1976 sp u000 u spa c 020 $a84-220-0786-X 040 $aUSC$bita$dALB$dPUL$dLDB 041 1 $aspa$hger 110 2 $aCommissione teologica internazionale.$0(OLS)http://pul/name/65784 240 14$aDie Einheit des Glaubens und der theologische Pluralismus.$lSpagnolo.$0(OLS)http://pul/title/134885 245 13$aEl pluralismo teológico /$cpor la Comision teologica internacional. 260 $aMadrid :$bEditorial Católica,$c1976. 300 $axvi, 230 p. ;$c20 cm 490 1 $aBiblioteca de autores cristianos ;$v0387 504 $aBibliogria in nota. 650 14$aTeologia.$0(OLS)http://pul/subject/118 830 0$aBiblioteca de autores cristianos ;$v0387.$0(OLS)http://pul/title/1365 850 $aPUL 852 $aPUL$W1$xSL Religione 1$y3$m58 H 1$j121597$qStampati$B120627$CPULBib$Z2$F120627 $H44559 $82 852 $aPUL$W1$xDP1 Fondo Bordoni$y120$m3 E 49$j166386$qFondi$B174301$CPULBib$Z2$F174301 $HBor566 $81 910 $aCommissio Theologica Internationalis$965784 941 1 $a1 941 1 $a8 983 0$aBAC. 996 $6020$a84-220-0786-X$9(OLS)http://pul/number/135693 996 $6245$aEl pluralismo teológico$9(OLS)http://pul/title/134886 996 $6260$aMadrid :$bEditorial Católica$9(OLS)http://pul/publisher/48427